LEADER 01228nam a2200205 i 4500 001 000000024558 003 CaOOAMICUS 005 20180830125446.0 008 180830n it u000 u ita u 040 $aSeMil$bita 245 10$a[Opuscoli :$b2]. 300 $a1 v. ;$c21 cm. 500 $aTitolo assegnato sul dorso della legatura. - Raccoglie volumi della fine del 19. sec. e inizio 20. sec. di vari argomenti rilegati insieme. 774 0 $aLaurent, M. $tLoi du 1er juillet 1901 sur le contrat d'association.$dParis : Roger & Chernoviz, 1901.$w()147943 774 0 $aBianchi, Giovanni <1939-2017>$tDecreti imperiali del 30 dicembre 1809 sulle fabbricerie e 6 novembre 1813 sui beni ecclesiastici.$dPiacenza : Tip. Francesco Solari, 1885.$w()159455 774 0 $aLioy, Diodato$tItalia e la Chiesa.$dNapoli : presso G. Regina, 1895.$w()159456 774 0 $aRicci, Raffaello$tDiritto di veto e il futuro conclave.$dMilano : Tipo-Lit. Agraria, 1898.$w()159505 774 0 $aPiccioni, Paride$tClericali e monarchia in Italia.$dRoma : Bernardo Lux, 1898.$w()159506 774 0 $aTosti, Luigi $tConciliazione.$dRoma : Giovanni Bracco, [1887?]$w()159508 996 $6245$a[Opuscoli :$b2]$9(OLS)http://semarc/title/33015 LEADER 01176nam a2200265 i 4500 001 000000070400 003 CaOOAMICUS 005 20080818000000.0 008 080818s1969 it u000 u ita u 013 $a41572 040 $aSeMil$bita 100 1 $aWaismann, Friedrich.$0(OLS)http://semarc/name/33164 240 14$aThe principles of linguistic pilosophy.$0(OLS)http://semarc/title/113013 245 12$aI principi della filosofia linguistica /$cFriedrich Waismann ; [traduzione di Enrico Mistretta]. 260 $aRoma :$bUbaldini,$cc1969. 300 $a434 p. ;$c22 cm. 490 0 $aCollana di filosofia e epistemologia 650 4$aLinguistica.$0(OLS)http://semarc/subject/2222 650 4$aFilosofia del linguaggio.$0(OLS)http://semarc/subject/3184 700 1 $aMistretta, Enrico.$0(OLS)http://semarc/name/4853 830 0$aCollana di filosofia e epistemologia.$0(OLS)http://semarc/title/18539 850 $aSeMil 852 $aSeMil$W1$xVenegono$y1$m2P II 313$j36553$B36553$CSeMilBibl$Z2$F36556 $81 996 $6245$aI principi della filosofia linguistica$9(OLS)http://semarc/title/113012 996 $6260$aRoma :$bUbaldini$9(OLS)http://semarc/publisher/31419